História romana /

Guardado en:
Autor Principal: Ferrero, Guillermo
Formato: Libro
Publicado: Sao Paulo : Martins, 1947
Series:A Marcha Do Espirito, 19
Materias:
Etiquetas: Agregar Etiqueta
Sin Etiquetas, Sea el primero en etiquetar este registro!
LEADER 00523nam a22001815a 4500
001 EHU.bham013773
003 AR-BHAM
005 20080605184215.0
008 130507s1947##################000#0#####d
082 9 3 |a 937 
100 1 |a Ferrero, Guillermo 
245 1 0 |a História romana /  |c Guillermo Ferrero 
260 |a Sao Paulo :  |b Martins,  |c 1947 
300 |a 355p. 
490 0 |a A Marcha Do Espirito, 19 
500 |a Texto en portugués 
653 |a Historia antigua-roma 
859 |a AR-BHAM  |b BIB. HUMANIDADES - General  |h 937  |i F415  |p 348.89  |t Ej.1